000
00287nam a22001217a 4500
008
180213b xxu||||| |||| 00| 0 eng d
041
_a
eng
080
_a
78
100
_a
45
101
_a
MUZ
245
_a
Discovering music a course in music appreciation
_c
Kinney,H.D
942
_2
udc
_c
BK
999
_c
42426
_d
42426